000 00521nam a2200217Ia 4500
003 OSt
005 20220928141748.0
006 a|||||r|||| 00| 0
007 ta
008 220927b |||||||| |||| 00| 0 eng d
024 _a17505
037 _cTextual
040 _aSDCL
_cSDCL
_beng
041 _2eng
_aeng
082 _aO15x, K5
100 _aRam Sadhu
_9502099
245 0 _aEssays on Sanskrit literature.
260 _c1965
942 _hO15x, K5
_cTEXL
_2CC
999 _c819826
_d819826